Statistiche per Stati con la capitale più densamente popolata

Clicka qui per fare il quiz!

Statistiche generali

  • Questo quiz è stato fatto 15 volte
  • Il punteggio medio è 5 su 20

Statistiche sulle risposte

Densità di popolazione della capitale
(abitanti/km^2)
Nazione% Corretto
19 150Monaco
79%
27 462,12Egitto
64%
21 148,91Francia
57%
45 196,8Bangladesh
50%
41 514,65Filippine
50%
21 408,12Marocco
29%
71 412,5Angola
21%
37 538,16Iraq
21%
25 076,92Somalia
21%
31 418,65Costa Rica
14%
24 820,66El Salvador
14%
21 400Eritrea
14%
17 908,98Maldive
14%
19 800Siria
14%
19 736,84Guatemala
7%
18 106,29Zambia
7%
19 276,57Grenada
0%
24 912,85Haiti
0%
18 333,81Madagascar
0%
27 500Trinidad e Tobago
0%

Distribuzione punteggi

Percentile per numero di risposta

Percentuale di utenti per punteggio

I tuoi punteggi nel tempo

Non hai fatto questo quiz